000 00377 a2200157 4500
001 149381
040 _cEscola São Tomás de Aquino
100 _aMACHADO, Ana Maria
240 1 0 _aHistória meio ao contrário
_lpor
245 1 0 _aHistória meio ao contrário
300 _a34
362 0 _a1982
440 1 _aÁtica
697 _a*LITERATURA INFANTO JUVENIL
942 _cBK
999 _c149381
_d149381